Germanic Countries - Sudden Death - Statistics

General Stats
  • This quiz has been taken 182 times
  • The average score is 10 of 18
Answers on the Grid
Answers color-coded by a green-red scale on the quiz's grid according to % correct below.
Armenia
Australia
Austria
Belgium
Bhutan
Canada
Denmark
Estonia
Finland
Germany
Hungary
Iceland
Ireland
Jamaica
Latvia
Liechtenstein
Lithuania
Luxembourg
Monaco
Netherlands
New Zealand
Norway
Poland
Singapore
Slovakia
Slovenia
Sweden
Switzerland
United Kingdom
United States
 
Answer Stats
Answer % Correct
Austria
85%
Germany
84%
Denmark
75%
Belgium
74%
Liechtenstein
63%
Netherlands
59%
Luxembourg
58%
Switzerland
57%
Australia
51%
Norway
51%
Sweden
49%
United Kingdom
48%
Iceland
47%
Canada
44%
United States
42%
Ireland
39%
New Zealand
39%
Jamaica
28%
No matching quizzes found
Score Distribution
Percent of People with Each Score
Percentile by Number Answered
Your Score History
You have not taken this quiz